LIBRARY & INFORMATION CENTRE, KCAET, TAVANUR

ONLINE PUBLIC ACCESS CATALOGUE (OPAC)

A B C of the foreign exchanges / (Record no. 2159)

MARC details
000 -LEADER
fixed length control field 00453cam a2200181ua 4500
041 ## - LANGUAGE CODE
Language code of text/sound track or separate title eng
082 ## - DEWEY DECIMAL CLASSIFICATION NUMBER
Classification number 332.45
Item number CRU/AB
100 ## - MAIN ENTRY--AUTHOR NAME
Personal name Crump, Norman .
245 ## - TITLE STATEMENT
Title A B C of the foreign exchanges /
250 ## - EDITION STATEMENT
Edition statement 13 /
260 ## - PUBLICATION, DISTRIBUTION, ETC. (IMPRINT)
Place of publication London :
Name of publisher MacMillan and Company Limited ,
Year of publication 1965.
300 ## - PHYSICAL DESCRIPTION
Number of Pages 406 ; .
942 ## - ADDED ENTRY ELEMENTS (KOHA)
Koha item type Books
Holdings
Withdrawn status Lost status Damaged status Home library Current library Date acquired Full call number Accession Number Koha item type
Withdrawn   Damaged KAUAET KAUAET 07/04/2012 332.45 10499 Books
free website counter